|
|
|
|
| LEADER |
00000nam0a2200000 4500 |
| 001 |
252765 |
| 005 |
20231101232800.0 |
| 035 |
|
|
|a (RuTPU)RU\TPU\book\275118
|
| 090 |
|
|
|a 252765
|
| 100 |
|
|
|a 20140305d1969 k y0rusy50 ca
|
| 101 |
0 |
|
|a rus
|
| 102 |
|
|
|a RU
|
| 105 |
|
|
|a a z 001zy
|
| 200 |
1 |
|
|a Солевая ректификация
|f И. Н. Ципарис, Л. Л. Добросердов, В. Б. Коган
|
| 210 |
|
|
|a Ленинград
|c Химия
|d 1969
|
| 215 |
|
|
|a 164 с.
|c ил.
|
| 320 |
|
|
|a Библиогр.: с. 154-160.
|
| 606 |
1 |
|
|a Ректификация солевая
|2 stltpush
|3 (RuTPU)RU\TPU\subj\31532
|9 54362
|
| 610 |
1 |
|
|a термодинамика
|
| 610 |
1 |
|
|a фазовое равновесие
|
| 610 |
1 |
|
|a активность
|
| 610 |
1 |
|
|a физико-химические основы
|
| 610 |
1 |
|
|a гидратация
|
| 610 |
1 |
|
|a практические рекомендации
|
| 610 |
1 |
|
|a практическое применение
|
| 675 |
|
|
|a 660.48
|v 3
|
| 700 |
|
1 |
|a Ципарис
|b И. Н.
|g Иозас Никодимович
|
| 701 |
|
1 |
|a Добросердов
|b Л. Л.
|g Леонид Леонидович
|
| 701 |
|
1 |
|a Коган
|b В. Б.
|g Владимир Борисович
|
| 702 |
|
1 |
|a Коган
|b В. Б.
|4 340
|
| 801 |
|
1 |
|a RU
|b 63413507
|c 20140305
|
| 801 |
|
2 |
|a RU
|b 63413507
|c 20210126
|g RCR
|
| 942 |
|
|
|c BK
|